Psychological Services to support probation in Northern Ireland and Malta

Two Probation Services, the Probation Board for N. Ireland and the Department of Probation and Parole in Malta, that directly employ Psychologists, have come together to write this article, describing how psychological services have been developed over the years to support and add value to the work...

Ausführliche Beschreibung

Gespeichert in:  
Bibliographische Detailangaben
VerfasserInnen: Avellino, Chantal (Verfasst von) ; O’Hare, Geraldine (Verfasst von) ; Scicluna, Sandra (Verfasst von)
Medienart: Elektronisch Aufsatz
Sprache:Englisch
Veröffentlicht: 2022
In: European journal of probation
Jahr: 2022, Band: 14, Heft: 3, Seiten: 220-239
Online-Zugang: Volltext (lizenzpflichtig)
Verfügbarkeit prüfen: HBZ Gateway
Schlagwörter:

MARC

LEADER 00000naa a22000002c 4500
001 1830143840
003 DE-627
005 20230101051517.0
007 cr uuu---uuuuu
008 230101s2022 xx |||||o 00| ||eng c
024 7 |a 10.1177/20662203221144123  |2 doi 
035 |a (DE-627)1830143840 
035 |a (DE-599)KXP1830143840 
040 |a DE-627  |b ger  |c DE-627  |e rda 
041 |a eng 
084 |a 2,1  |2 ssgn 
100 1 |a Avellino, Chantal  |e VerfasserIn  |4 aut 
245 1 0 |a Psychological Services to support probation in Northern Ireland and Malta 
264 1 |c 2022 
336 |a Text  |b txt  |2 rdacontent 
337 |a Computermedien  |b c  |2 rdamedia 
338 |a Online-Ressource  |b cr  |2 rdacarrier 
520 |a Two Probation Services, the Probation Board for N. Ireland and the Department of Probation and Parole in Malta, that directly employ Psychologists, have come together to write this article, describing how psychological services have been developed over the years to support and add value to the work of Probation services. This article will describe the development of the two services, the psychological assessments and the interventions they deliver, that enhance the work carried out by probation officers. The benefits of this specialist role within the wider justice system will also be considered. The authors will highlight key principles of good practice and the learning for probation services for the future. 
650 4 |a probation services 
650 4 |a Forensic Psychology 
650 4 |a department of probation and parole in Malta 
650 4 |a probation board for Northern Ireland 
700 1 |a O’Hare, Geraldine  |e VerfasserIn  |4 aut 
700 1 |a Scicluna, Sandra  |e VerfasserIn  |4 aut 
773 0 8 |i Enthalten in  |t European journal of probation  |d Thousand Oaks, Calif. : Sage, 2009  |g 14(2022), 3, Seite 220-239  |h Online-Ressource  |w (DE-627)769225101  |w (DE-600)2735252-3  |w (DE-576)394039025  |x 2066-2203  |7 nnas 
773 1 8 |g volume:14  |g year:2022  |g number:3  |g pages:220-239 
856 4 0 |u https://doi.org/10.1177/20662203221144123  |x Resolving-System  |z lizenzpflichtig  |3 Volltext  |7 1 
935 |a mkri 
951 |a AR 
ELC |a 1 
LOK |0 000 xxxxxcx a22 zn 4500 
LOK |0 001 4241869157 
LOK |0 003 DE-627 
LOK |0 004 1830143840 
LOK |0 005 20230101051517 
LOK |0 008 230101||||||||||||||||ger||||||| 
LOK |0 035   |a (DE-2619)KrimDok#2022-12-31#90DBFC8112E7A4129F930054798652F25398D47C 
LOK |0 040   |a DE-2619  |c DE-627  |d DE-2619 
LOK |0 092   |o n 
LOK |0 852   |a DE-2619 
LOK |0 852 1  |9 00 
LOK |0 935   |a zota 
LOK |0 939   |a 01-01-23  |b l01 
ORI |a SA-MARC-krimdoka001.raw